000 00314nam a22001337a 4500
020 _a978-0-552-55783-2
082 _a823
_bWIL/S
100 _aJACQUELINE WILSON
245 _aSLEEP OVERS
260 _aGREAT BRITIAN
_bRANDOM HOUSE
_c2008
300 _a112
650 _aCHILDRENS STORY BOOK
_zUNITED KINGDOM
942 _cBK
999 _c93
_d93